| 000 | 00879nam a2200181 a 4500 | ||
|---|---|---|---|
| 008 | 120416s1968 ||||||||||||||||| || u | ||
| 020 | _a0070185158 | ||
| 050 | _aQC 533 Tea | ||
| 245 | 0 | 0 | _aTeacher's guide for batteries and bulbs: introduction to electricity and magnetism |
| 260 |
_aSt. Louis _bMcGraw-Hill _c1968 |
||
| 300 | _a(6), 106p. : ill. | ||
| 350 | _a0.00 | ||
| 650 | _aELECTRICITY | ||
| 650 | _aELECTRIC BATTRIES | ||
| 995 |
_aBINDERY (DAMAGED) _D0.00 _e714229 _FCBU-MAIN LIBRARY (Kitwe) _H1 _I1.50 _jQC 533 Tea _M1 _UDAMAGED _y012040 _ZMain Library Open Access Collection |
||
| 995 |
_aBINDERY (DAMAGED) _D0.00 _e714227 _FCBU-MAIN LIBRARY (Kitwe) _H2 _I1.50 _jQC 533 Tea _M2 _UDAMAGED _y012042 _ZMain Library Open Access Collection |
||
| 995 |
_aBINDERY (DAMAGED) _D0.00 _e714228 _FCBU-MAIN LIBRARY (Kitwe) _H3 _I1.50 _jQC 533 Tea _M3 _UDAMAGED _y012041 _ZMain Library Open Access Collection |
||
| 999 |
_c80938 _d80938 |
||